| 000 | 00883 a2200229 4500 | ||
|---|---|---|---|
| 003 | Nust | ||
| 005 | 20221216120537.0 | ||
| 010 | _a 87032850 | ||
| 020 | _a008034321X : | ||
| 040 | _cNust | ||
| 082 | 0 | 0 | _a306.270973,MIL |
| 245 | 0 | 4 |
_aThe Military : _bmore than just a job? / _cedited by Charles C. Moskos & Frank R. Wood. |
| 250 | _a1st ed. | ||
| 260 |
_aWashington : _bPergamon-Brassey's International Defense Publishers, _c1988. |
||
| 300 |
_axiii, 305 p. ; _c24 cm. |
||
| 505 | _aInstitution Versus Occupation (Paeg-3), Issues in the American Military (Paeg-79), Comparative Perspective (Paeg-153), Institution Versus Occupation Reconsidered (Paeg-279). | ||
| 650 | 0 |
_aArmed Forces _xVocational guidance. _9105058 |
|
| 650 | 0 |
_aSociology, Military. _948622 |
|
| 700 | 1 |
_aMoskos, Charles C. _9105059 |
|
| 700 | 1 |
_aWood, Frank R. _9105060 |
|
| 942 |
_2ddc _cBK _k306.270973,MIL |
||
| 999 |
_c190586 _d190586 |
||